000 00595nam a22001457a 4500
020 _a0-439-67635-5
082 _a823
_bRAY/C
100 _aRAY, BELINDA
245 _aCHARM CLUB
260 _aNEW YORK
_bSTREET PUBLICATIONS
_c2004
300 _a123
520 _aIt is about a girl that just moved to a new school and she is having a lot of trouble she has been having a lot of bad luck lately and everyone is having trouble on making new friends, She has been imbarised in front of the inter class. Then this angle pops off of her charm and comes to life.
650 _aSHORT STORY
942 _cBK
999 _c6438
_d6438